Ensiklopedia Islam safir / (Record no. 116)
[ view plain ]
| 000 -LEADER | |
|---|---|
| fixed length control field | 03581nam a2200757 a 4500 |
| 001 - CONTROL NUMBER | |
| control field | vtls000304985 |
| 003 - CONTROL NUMBER IDENTIFIER | |
| control field | PNM |
| 005 - DATE AND TIME OF LATEST TRANSACTION | |
| control field | 20170418152535.0 |
| 008 - FIXED-LENGTH DATA ELEMENTS--GENERAL INFORMATION | |
| fixed length control field | 020304s2000 my a e | a000 0 may |
| 020 ## - INTERNATIONAL STANDARD BOOK NUMBER | |
| International Standard Book Number | 9836261591 (jil. 1-3) : |
| Terms of availability | RM90.00 |
| 020 ## - INTERNATIONAL STANDARD BOOK NUMBER | |
| International Standard Book Number | 9836261605 (jil. 4-6) : |
| Terms of availability | RM90.00 |
| 020 ## - INTERNATIONAL STANDARD BOOK NUMBER | |
| International Standard Book Number | 9836261613 (jil. 7-9) : |
| Terms of availability | RM90.00 |
| 020 ## - INTERNATIONAL STANDARD BOOK NUMBER | |
| International Standard Book Number | 9836261621 (jil. 10-12) : |
| Terms of availability | RM90.00 |
| 020 ## - INTERNATIONAL STANDARD BOOK NUMBER | |
| International Standard Book Number | 983626163X (jil. 13-15) : |
| Terms of availability | RM90.00 |
| 040 ## - CATALOGING SOURCE | |
| Original cataloging agency | AKMAL |
| 082 04 - DEWEY DECIMAL CLASSIFICATION NUMBER | |
| Classification number | 297.03 ISL |
| Edition number | 22 |
| 090 00 - LOCALLY ASSIGNED LC-TYPE CALL NUMBER (OCLC); LOCAL CALL NUMBER (RLIN) | |
| Classification number (OCLC) (R) ; Classification number, CALL (RLIN) (NR) | 297.03 |
| Local cutter number (OCLC) ; Book number/undivided call number, CALL (RLIN) | ISL |
| 245 00 - TITLE STATEMENT | |
| Title | Ensiklopedia Islam safir / |
| Statement of responsibility, etc. | penterjemah Hassan Basri bin Awang Mat Dahan ... [et al.] |
| 260 ## - PUBLICATION, DISTRIBUTION, ETC. | |
| Place of publication, distribution, etc. | Kuala Lumpur : |
| Name of publisher, distributor, etc. | Dewan Bahasa dan Pustaka, |
| Date of publication, distribution, etc. | 2000 |
| 300 ## - PHYSICAL DESCRIPTION | |
| Extent | 5 jil. (mukasurat pelbagai) : |
| Other physical details | il. wrn. ; |
| Dimensions | 30cm. |
| 500 ## - GENERAL NOTE | |
| General note | Mengandungi ayat-ayat dari Quran |
| 505 0# - FORMATTED CONTENTS NOTE | |
| Formatted contents note | Jil. 1 (jil. 1-3) -- Jil. 2 (jil. 4-6) -- Jil. 3 (jil. 7-9) -- Jil. 4 (jil. 10-12) -- Jil. 5 (jil. 13-15) |
| 650 10 - SUBJECT ADDED ENTRY--TOPICAL TERM | |
| Topical term or geographic name entry element | Islam |
| Form subdivision | Encyclopedias |
| 9 (RLIN) | 290 |
| 700 0# - ADDED ENTRY--PERSONAL NAME | |
| Personal name | Hassan Basri bin Awang Mat Dahan |
| 9 (RLIN) | 291 |
| 942 ## - ADDED ENTRY ELEMENTS (KOHA) | |
| Source of classification or shelving scheme | |
| Koha item type | Book |
| Withdrawn status | Lost status | Source of classification or shelving scheme | Damaged status | Not for loan | Collection code | Home library | Current library | Shelving location | Date acquired | Inventory number | Total Checkouts | Full call number | Barcode | Date last seen | Price effective from | Koha item type |
|---|---|---|---|---|---|---|---|---|---|---|---|---|---|---|---|---|
| NON-FICTION | AKMAL Melaka | AKMAL Melaka | PINJAMAN | 18.04.2017 | 200854 (Jil. 1-3) | 297.03 ISL | 201700204 | 18.04.2017 | 18.04.2017 | Book | ||||||
| NON-FICTION | AKMAL Melaka | AKMAL Melaka | PINJAMAN | 18.04.2017 | 200855 (Jil. 4-6) | 297.03 ISL | 201700203 | 18.04.2017 | 18.04.2017 | Book | ||||||
| NON-FICTION | AKMAL Melaka | AKMAL Melaka | PINJAMAN | 18.04.2017 | 200856 (Jil. 7-9) | 297.03 ISL | 201700205 | 18.04.2017 | 18.04.2017 | Book | ||||||
| NON-FICTION | AKMAL Melaka | AKMAL Melaka | PINJAMAN | 18.04.2017 | 200857 (Jil. 10-12) | 297.03 ISL | 201700207 | 18.04.2017 | 18.04.2017 | Book | ||||||
| NON-FICTION | AKMAL Melaka | AKMAL Melaka | PINJAMAN | 18.04.2017 | 200858 (Jil. 13-15) | 297.03 ISL | 201700206 | 18.04.2017 | 18.04.2017 | Book |
